| 000 | 00450pab a2200169 454500 | ||
|---|---|---|---|
| 008 | 180718b xxu||||| |||| 00| 0 eng d | ||
| 100 | _aKundu, Amitabh | ||
| 245 | _aMigration and exclusionary ubranisation in India | ||
| 300 | _ap.219-227. | ||
| 650 | _aUrbanization - India | ||
| 650 | _aMigration - India | ||
| 650 | _aMigration | ||
| 700 | _aSaraswati, Lopamudra Ray | ||
| 773 | _aEconomic and Political Weekly | ||
| 908 | _aN | ||
| 909 | _a97312 | ||
| 999 |
_c97312 _d97312 |
||